| 000 | 00726nam a2200289 a 4500 | ||
|---|---|---|---|
| 003 | AR-BaBNM | ||
| 005 | 20251128202744.0 | ||
| 008 | 082120s2002 ||||||||||||||000 | spa|| | ||
| 040 | _cAR-BaBNM | ||
| 100 | 1 | _aSupino, J.B. | |
| 245 | 0 | 0 | _aBotticelli |
| 260 |
_aBuenos Aires _bLa Universidad _c1944 |
||
| 300 | _a72 p. | ||
| 490 | 0 |
_aPerfiles _vv. 5 |
|
| 500 | _aContiene referencias bibliográficas en p. 69 | ||
| 650 | 4 | _aPINTORES | |
| 650 | 4 | _aBIOGRAFIAS | |
| 650 | 4 | _aRENACIMIENTO | |
| 650 | 4 | _aCRITICA DE ARTE | |
| 650 | 4 | _aARTES PLASTICAS | |
| 650 | 4 | _aESTILOS ARTISTICOS | |
| 650 | 4 | _aARTE EUROPEO | |
| 655 | _aBIOGRAFIAS | ||
| 700 | 1 |
_aVignale, Pedro Juan _etraductor |
|
| 942 | _cBK | ||
| 998 | _cMARTIN | ||
| 999 |
_c422 _d422 |
||